Pauls by Picture - Statistics

General Stats
  • This quiz has been taken 19 times
  • The average score is 7 of 24
Answer Stats
Picture Answer % Correct
Paul McCartney
100%
Paul Newman
68%
Paul Rudd
63%
Paul Simon
63%
Paul Hogan
47%
Paul Gauguin
42%
Paul Pogba
42%
Paul Reubens
42%
Paul Walker
42%
Paul Giamatti
32%
Paul Ryan
26%
Paul Dano
21%
Paul Revere
21%
Paul Sorvino
21%
Paul Bettany
16%
Paul Gascoigne
16%
Paul Kagame
16%
Paul Cézanne
11%
Paul Mescal
11%
Paul von Hindenburg
11%
Paul Weller
11%
Paul McGann
5%
Paul O'Grady
5%
Paul Ritter
5%
No matching quizzes found
Score Distribution
Percent of People with Each Score
Percentile by Number Answered
Your Score History
You have not taken this quiz